000 00733nam a22001937a 4500
001 BD-DhSAU 9609
003 BD-DhSAU
005 20150624114653.0
008 150624b1992 bg ||||r|||| 000 0 ben d
040 _aBD-DhSAU
082 _222
_a---
_bচট্টোকৃ
100 _aচট্টোপাধ্যায়, বঙ্গিমচন্দ্র
245 _aকৃষ্ণকান্তের উইল /
_cবঙ্গিমচন্দ্র চট্টোপাধ্যায়
260 _aঢাকা :
_bবর্ণ বিচিত্রা,
_c১৯৯২.
300 _a১০০ প :
_c২১ সেমি
590 _ajoy
650 _aবঙ্গিম উপন্যাস
942 _2ddc
_cBOOK
999 _c9609
_d9609